Annales / (Record no. 128450)

MARC details
000 -LEADER
campo de control de longitud fija 00787nam a2200217 i 4500
001 - NÚMERO DE CONTROL
campo de control 128450
003 - IDENTIFICADOR DE NÚMERO DE CONTROL
campo de control ES-MaACL
005 - FECHA Y HORA DE LA ÚLTIMA TRANSACCIÓN
campo de control 20250816063140.0
007 - CAMPO FIJO DE DESCRIPCIÓN FÍSICA--INFORMACIÓN GENERAL
campo de control de longitud fija t|
008 - DATOS DE LONGITUD FIJA--INFORMACIÓN GENERAL
campo de control de longitud fija 070511m19231925fr ||||1| fre d
100 1# - ENTRADA PRINCIPAL--NOMBRE DE PERSONA
Nombre de persona Tácito, Cayo Cornelio
9 (RLIN) 109052
245 10 - MENCIÓN DEL TÍTULO
Título Annales /
Mención de responsabilidad, etc. Tacite ; texte établi et traduit par Henri Goelzer.
260 ## - PUBLICACIÓN, DISTRIBUCIÓN, ETC.
Lugar de publicación, distribución, etc. Paris :
Nombre del editor, distribuidor, etc. Les Belles Letres,
Fecha de publicación, distribución, etc. 1923-1925.
300 ## - DESCRIPCIÓN FÍSICA
Extensión 3 v. ;
Dimensiones 20 cm.
490 1# - MENCIÓN DE SERIE
Mención de serie Collection des universités de France de la Association Guillaume Budé
651 #4 - PUNTO DE ACCESO ADICIONAL DE MATERIA--NOMBRE GEOGRÁFICO
Nombre geográfico Roma-
Subdivisión general Historia-
Subdivisión cronológica 30 a.C.-284 d.C., Alto Imperio.
9 (RLIN) 9318
700 1# - ENTRADA AGREGADA--NOMBRE PERSONAL
Nombre de persona Goelser, Henri.
9 (RLIN) 57557
830 1# - PUNTO DE ACCESO ADICIONAL DE SERIE-TÍTULO UNIFORME
Título uniforme Collection des universités de France de la Association Guillaume Budé
9 (RLIN) 219285
852 ## - LOCALIZACIÓN
Ubicación ES-MaACL
Número de control de estantería C-6834-36
Holdings
Estatus retirado Estado de pérdida Estado de daño No para préstamo Biblioteca de origen Biblioteca actual Ubicación en estantería Fecha de adquisición Fuente de adquisición Total de préstamos Signatura topográfica completa Código de barras Visto por última vez Precio de reemplazo Tipo de ítem Koha
        Biblioteca del Ateneo de Madrid Biblioteca del Ateneo de Madrid Sala Palomar 17/01/2008     C-6834-36 1133779 23/02/2023 23/02/2023 Libro impreso